| 000 | 00826nam a22002657a 4500 | ||
|---|---|---|---|
| 001 | 4005 | ||
| 003 | FISKH | ||
| 005 | 20240530090907.0 | ||
| 008 | 240530b cb ||||| |||| 00| 0 eng d | ||
| 020 | _a9780590471572 | ||
| 040 |
_aFISKH _beng _cFISKH _dFISKH |
||
| 050 | _aPZ7.V874 | ||
| 082 | _a813.54 | ||
| 100 |
_aVoigt Cynthia _d1942- |
||
| 245 |
_aA solitary blue / _cCynthia Voigt |
||
| 260 |
_aNew York : _bScholastic, _c1993 |
||
| 300 |
_a307 pages : _c18 cm |
||
| 505 | _aM | ||
| 520 | _aJeff's mother, who deserted the family years before, reenters his life and widens the gap between Jeff and his father, a gap that only truth, love, and friendship can heal. | ||
| 521 | 8 |
_a770
_bLexile |
|
| 521 | 8 |
_aM
_bRaz-Plus |
|
| 700 | _aCynthia Voigt | ||
| 942 |
_2ddc _cBK _n0 |
||
| 999 |
_c4005 _d4005 |
||